Investičné rozhodovanie podnikateľských subjektov

Salvato in:
Dettagli Bibliografici
Autore principale: Belanová, Katarína, 1978-
Ente Autore: Ekonomická univerzita v Bratislave. Národohospodárska fakulta
Altri autori: Sivák, Rudolf, 1955-, Hofreiter, Miloš, 1982-
Natura: Libro
Lingua:slovacco
Pubblicazione: Bratislava Vydavateľstvo EKONÓM 2015
Edizione:1. vyd.
Soggetti:
Tags: Aggiungi Tag
Nessun Tag, puoi essere il primo ad aggiungerne!!

MARC

LEADER 00000nam a2200000 4500
001 0205327
005 20240502073424.8
020 |a 978-80-225-4113-8 
041 0 |a slo 
044 |a SK 
245 1 0 |a Investičné rozhodovanie podnikateľských subjektov  |c Katarína Belanová ; recenzenti Rudolf Sivák, Miloš Hofreiter 
250 |a 1. vyd. 
264 1 |a Bratislava  |b Vydavateľstvo EKONÓM  |c 2015 
300 |a 76 s. [3,97 AH] 
610 2 0 |a rozhodovanie investičné 
610 2 0 |a podnikanie 
610 2 0 |a projekty investičné 
610 2 0 |a Slovensko 
610 2 0 |a riziko 
610 2 0 |a opcie 
100 1 |a Belanová, Katarína, 1978- 
700 1 |a Sivák, Rudolf, 1955- 
700 1 |a Hofreiter, Miloš, 1982- 
710 2 |a Ekonomická univerzita v Bratislave. Národohospodárska fakulta